[Event "Chigorin Memorial 26th"]
[Site "St Petersburg"]
[Date "2018.10.28"]
[Round "2"]
[White "Sattarov, Bobir"]
[Black "Chertkov, Maksim"]
[Result "1-0"]
[WhiteElo "2339"]
[BlackElo "1502"]
[PlyCount "105"]
[EventDate "2018.10.27"]
[EventType "swiss"]
[EventRounds "9"]
[EventCountry "RUS"]
[SourceTitle "CBM 187 Extra"]
[Source "ChessBase"]
[SourceDate "2018.11.04"]
[SourceVersion "1"]
[SourceVersionDate "2018.11.04"]
[SourceQuality "1"]

1. d4 Nf6 2. Nc3 d5 3. Bf4 e6 4. e3 Be7 5. g4 h5 6. g5 Nfd7 7. Nf3 Nb6 8. a3 Nc4 9. Bxc4 dxc4 10. Qe2 b6 11. Qxc4 Bb7 12. e4 Nc6 13. 0-0-0 0-0 14. d5 exd5 15. Nxd5 Bd6 16. e5 Na5 17. Qc3 Bxe5 18. Qxe5 Re8 19. Qf5 Bc8 20. Qd3 Bb7 21. Nxc7 Qxd3 22. Rxd3 Red8 23. Rhd1 Rxd3 24. Rxd3 Rc8 25. Nd4 f6 26. Nde6 fxg5 27. Be5 Nc6 28. Bc3 Kf7 29. Rd7+ Kg6 30. Rxg7+ Kf5 31. f3 Rxc7 32. Rxc7 Ba8 33. Nd4+ Nxd4 34. Bxd4 Bxf3 35. Rxa7 Ke4 36. Bxb6 g4 37. Rh7 Be2 38. Rxh5 g3 39. Rh4+ Kf3 40. hxg3 Bb5 41. a4 Ba6 42. b4 Ke2 43. b5 Bc8 44. a5 Bf5 45. a6 Be6 46. Re4+ Kf3 47. Rxe6 Kg2 48. a7 Kf1 49. Rf6+ Kg2 50. a8Q+ Kh3 51. Qh1+ Kxg3 52. Bf2+ Kg4 53. Qh4# 1-0

[Event "Chigorin Memorial 26th"]
[Site "St Petersburg"]
[Date "2018.10.27"]
[Round "1"]
[White "Chertkov, Maksim"]
[Black "Azimov, Ilyas"]
[Result "1-0"]
[WhiteElo "1502"]
[BlackElo "2162"]
[PlyCount "83"]
[EventDate "2018.10.27"]
[EventType "swiss"]
[EventRounds "9"]
[EventCountry "RUS"]
[SourceTitle "CBM 187 Extra"]
[Source "ChessBase"]
[SourceDate "2018.11.04"]
[SourceVersion "1"]
[SourceVersionDate "2018.11.04"]
[SourceQuality "1"]

1. e4 c5 2. Nf3 e6 3. d4 cxd4 4. Nxd4 Nc6 5. Nc3 a6 6. Be2 Qc7 7. 0-0 Nf6 8. Re1 d6 9. Bf3 Ne5 10. Be2 b5 11. f4 Ng6 12. a4 b4 13. Na2 Nxe4 14. Nxb4 d5 15. Nd3 Bd6 16. g3 0-0 17. Bf3 Nf6 18. Qe2 Bb7 19. Kg2 Rfe8 20. Ne5 Nd7 21. Ng4 Rac8 22. c3 Nc5 23. f5 exf5 24. Qxe8+ Rxe8 25. Rxe8+ Bf8 26. Nxf5 Qd7 27. Nfh6+ Kh8 28. Ne5 Qxe8 29. Nexf7+ Qxf7 30. Nxf7+ Kg8 31. Ng5 Be7 32. Be3 Nd3 33. Rd1 Nge5 34. Bf4 h6 35. Bxe5 Nxe5 36. Bxd5+ Bxd5+ 37. Rxd5 Nc4 38. Rd4 Nxb2 39. Ne4 Kf7 40. Kf3 g6 41. Ke3 Bf8 42. Kd2 1-0

[Event "Wch U10 blitz"]
[Site "Minsk"]
[Date "2018.06.24"]
[Round "4"]
[White "Chertkov, Maksim"]
[Black "Bialiauski, Artsiom"]
[Result "0-1"]
[WhiteElo "1769"]
[BlackElo "1557"]
[PlyCount "74"]
[EventDate "2018.06.24"]
[EventType "swiss (blitz)"]
[EventRounds "9"]
[EventCountry "BLR"]
[SourceTitle "EXT 2019"]
[Source "ChessBase"]
[SourceDate "2018.10.10"]
[SourceVersion "1"]
[SourceVersionDate "2018.10.10"]
[SourceQuality "1"]

1. e4 e5 2. Nf3 d6 3. d4 exd4 4. Nxd4 Nf6 5. Nc3 Be7 6. g3 0-0 7. Bg2 a6 8. 0-0 c5 9. Nf5 Bxf5 10. exf5 Nc6 11. Bf4 Qd7 12. Qd3 Rad8 13. Rad1 Nb4 14. Qe2 Rfe8 15. a3 Bf8 16. Qd2 Nc6 17. Qd3 Nd4 18. Ne4 Nxe4 19. Bxe4 d5 20. Bg2 Ne2+ 21. Kh1 Nxf4 22. gxf4 d4 23. Rg1 f6 24. Qb3+ Kh8 25. Qxb7 Qxb7 26. Bxb7 Re2 27. Rg2 Rxc2 28. f3 d3 29. Bxa6 c4 30. Rxc2 dxc2 31. Re1 Rd1 32. Kg2 Rxe1 33. Bxc4 c1Q 34. Kf2 Qd2+ 35. Kg3 Rg1+ 36. Kh3 Qg2+ 37. Kh4 Qxh2# 0-1

[Event "Wch U10 blitz"]
[Site "Minsk"]
[Date "2018.06.24"]
[Round "6"]
[White "Chertkov, Maksim"]
[Black "Chernyaev, Tihon"]
[Result "0-1"]
[WhiteElo "1769"]
[BlackElo "2084"]
[PlyCount "112"]
[EventDate "2018.06.24"]
[EventType "swiss (blitz)"]
[EventRounds "9"]
[EventCountry "BLR"]
[SourceTitle "EXT 2019"]
[Source "ChessBase"]
[SourceDate "2018.10.10"]
[SourceVersion "1"]
[SourceVersionDate "2018.10.10"]
[SourceQuality "1"]

1. e4 c5 2. Nf3 e6 3. d4 cxd4 4. Nxd4 Nc6 5. Nc3 Nf6 6. Ndb5 Bb4 7. Nd6+ Ke7 8. Bf4 Qa5 9. Nc4 Qd8 10. Bd6+ Ke8 11. Bxb4 Nxb4 12. Nd6+ Kf8 13. a3 Nc6 14. e5 Nxe5 15. Nxc8 Rxc8 16. Qd6+ Qe7 17. Qxe5 d5 18. 0-0-0 Nd7 19. Qf4 Kg8 20. Bb5 Nc5 21. Rhe1 Qf8 22. Qb4 a6 23. Bf1 Qd8 24. Na4 Nd7 25. Qxb7 Nf6 26. Qb6 Qd7 27. Nc5 Qe7 28. Nxa6 Ne4 29. Qb5 h6 30. Nb4 Qc7 31. f3 Nd6 32. Qd3 Nc4 33. Qc3 Qxh2 34. Bxc4 Rxc4 35. Qb3 Qxg2 36. Rg1 Qf2 37. Rdf1 Qh4 38. Nd3 Qd8 39. Ne5 Rc8 40. Qa4 Qc7 41. Nd3 Kh7 42. Nb4 g6 43. Qb3 h5 44. Rg5 Qf4+ 45. Kb1 Qxg5 46. Nd3 Qf6 47. Qa2 Rb8 48. Nc5 Qe7 49. Na6 Rb6 50. Nb4 Ra8 51. Nd3 Qb7 52. Rg1 Qc7 53. Rg2 Qe7 54. Re2 Rxa3 55. Qxd5 Qa7 56. Nb4 Ra1# 0-1

[Event "Wch U10 blitz"]
[Site "Minsk"]
[Date "2018.06.24"]
[Round "8"]
[White "Chertkov, Maksim"]
[Black "Lekhtonen, Yaroslav"]
[Result "0-1"]
[WhiteElo "1769"]
[BlackElo "1523"]
[PlyCount "95"]
[EventDate "2018.06.24"]
[EventType "swiss (blitz)"]
[EventRounds "9"]
[EventCountry "BLR"]
[SourceTitle "EXT 2019"]
[Source "ChessBase"]
[SourceDate "2018.10.10"]
[SourceVersion "1"]
[SourceVersionDate "2018.10.10"]
[SourceQuality "1"]

1. e4 c5 2. Nf3 Nc6 3. d4 cxd4 4. Nxd4 Nf6 5. Nc3 e5 6. Ndb5 d6 7. Bg5 a6 8. Na3 b5 9. Bxf6 gxf6 10. Nd5 Bg7 11. g3 0-0 12. Bg2 Ne7 13. Nxe7+ Qxe7 14. c3 Bb7 15. Nc2 f5 16. 0-0 fxe4 17. Nb4 Qe6 18. Re1 f5 19. a4 d5 20. axb5 axb5 21. Qe2 Qb6 22. Bf1 f4 23. Qxb5 Qxb5 24. Bxb5 Rfd8 25. Rxa8 Rxa8 26. Rd1 Rd8 27. Nc6 Rd6 28. Ne7+ Kf7 29. Nf5 Rb6 30. b4 Rf6 31. Nxg7 Kxg7 32. Kf1 Rb6 33. Ba4 Ba6+ 34. Kg2 Bc4 35. Bd7 Kf6 36. Bg4 Ra6 37. Bc8 Ra3 38. Rc1 Kg5 39. h4+ Kg6 40. Kh3 Ra2 41. gxf4 exf4 42. Kg2 e3 43. Rg1 Rxf2+ 44. Kh3+ Kf6 45. Re1 Bf1+ 46. Kg4 Be2+ 47. Kh3 Bc4 48. Ra1 0-1

[Event "Wch U10 blitz"]
[Site "Minsk"]
[Date "2018.06.24"]
[Round "3"]
[White "Chumak, Arsenii"]
[Black "Chertkov, Maksim"]
[Result "0-1"]
[WhiteElo "1465"]
[BlackElo "1769"]
[PlyCount "86"]
[EventDate "2018.06.24"]
[EventType "swiss (blitz)"]
[EventRounds "9"]
[EventCountry "BLR"]
[SourceTitle "EXT 2019"]
[Source "ChessBase"]
[SourceDate "2018.10.10"]
[SourceVersion "1"]
[SourceVersionDate "2018.10.10"]
[SourceQuality "1"]

1. d4 Nf6 2. c4 g6 3. Nc3 d5 4. cxd5 Nxd5 5. e4 Nxc3 6. bxc3 Bg7 7. Nf3 c5 8. Be3 Qa5 9. Qd2 0-0 10. Bc4 Nc6 11. 0-0 cxd4 12. Nxd4 Rd8 13. Qb2 Ne5 14. Be2 Ng4 15. Bxg4 Bxg4 16. f3 Bd7 17. Rac1 b6 18. Rfd1 Rac8 19. Qb3 Ba4 20. Qa3 Bxd1 21. Qxa5 bxa5 22. Rxd1 Rxc3 23. Rd2 Rxe3 24. Kf2 Ra3 25. Ke2 Rxd4 26. Rxd4 Bxd4 27. Kd2 Rxa2+ 28. Kd3 Bc5 29. Kc4 Rb2 30. Kxc5 a4 31. Kc4 a3 32. Kc3 Rb6 33. Kc2 a2 34. e5 a1Q 35. f4 Rb2+ 36. Kd3 Qd1+ 37. Kc3 Rb3+ 38. Kc4 Qd3+ 39. Kc5 Rb5+ 40. Kc6 Qc4+ 41. Kd7 Rb7+ 42. Kd8 Qc7+ 43. Ke8 Rb8# 0-1